| 000 | 00000nam##2200000za#4500 |
| 001 | 9.541341 |
| 003 | CaOODSP |
| 005 | 20210615085650 |
| 007 | ta |
| 008 | 150406|2004||||xxc||||| f|0| 0 fre|d |
| 022 | |a0706-6457 |
| 040 | |aCaOODSP|bfre |
| 041 | |aeng |
| 041 | |afre |
| 043 | |an-cn--- |
| 086 | 1 |aFs97-6/2562 |
| 110 | 1 |aCanada. |bMinistère des pêches et des océans. |
| 245 | 10|aComptes rendus du 31ième atelier annuel sur la toxicité aquatique / |cÉditeur, L.E. Burridge, K. Haya et A.J. Niimi. |
| 260 | |aOttawa - Ontario : |bPêches et Océans Canada |c2004. |
| 300 | |axviii, 138p. : |bgraphiques, références, tableaux ; |c28 cm. |
| 490 | 1 |aRapport technique canadien des sciences halieutiques et aquatiques|x0706-6457|v2562 |
| 500 | |aPages préliminaires en français et en anglais; Articles en leur langue original. |
| 520 | 3 |aCe rapport fait partie d’une série de rapports contenant des renseignements scientifiques et techniques qui constituent une contribution aux connaissances scientifiques actuelles, mais qui ne sont pas normalement appropriés pour la publication dans un journal scientifique. La recherche porte sur des sujets tels que les modèles d’écosystème, les méthodes de mise en valeur de l’aquaculture, le matériel de pêche commerciale, et les menaces environnementales à la qualité des milieux aquatiques et des ressources halieutiques. Comprend des tableaux, des figures et des graphiques. |
| 546 | |aPages préliminaires en français et en anglais; Articles en leur langue original. |
| 563 | |aReliure à spirale |
| 590 | |a05-21|b2005-05-27 |
| 720 | 1 |aHaya, K. |
| 720 | 1 |aBurridge, L.E. |
| 720 | 1 |aNiimi, A.J. |
| 776 | 0#|tProceedings of the 31st Annual Aquatic Toxicity Workshop / |w(CaOODSP)9.589953 |
| 791 | |tProceedings of the 31st Annual Aquatic Toxicity Workshop / |eeng|w(CaOODSP)9.541340 |
| 830 | #0|aRapport technique canadien des sciences halieutiques et aquatiques,|x0706-6457|v2562|w(CaOODSP)9.514690 |